| 000 | 01410cam a2200397 a 4500 | ||
|---|---|---|---|
| 999 |
_c534769 _d534769 |
||
| 001 | 15871278 | ||
| 003 | NUST | ||
| 005 | 20200514115420.0 | ||
| 008 | 090818s2009 nyu b 001 0 eng d | ||
| 010 | _a 2009935059 | ||
| 015 |
_aGBA986320 _2bnb |
||
| 016 | 7 |
_a015361269 _2Uk |
|
| 020 | _a9780387953762 | ||
| 020 | _a0387953760 | ||
| 035 | _a(OCoLC)ocn435731460 | ||
| 038 | _awaseem | ||
| 040 |
_aUKM _cUKM _dDLC |
||
| 042 | _alccopycat | ||
| 050 | 0 | 0 |
_aHB139 _b.L425 2009 |
| 082 | 0 | 4 |
_a330.015195 _bLEE |
| 100 | 1 |
_aLee, Myoung-jae. _929123 |
|
| 245 | 1 | 0 |
_aMicro-econometrics : _bmethods of moments and limited dependent variables / _cby Myoung-jae Lee. |
| 250 | _a2nd ed. | ||
| 260 |
_aNew York : _bSpringer, _c2009. |
||
| 300 |
_axxvii, 770 p. ; _c25 cm. |
||
| 504 | _aIncludes bibliographical references (p. 727-758) and index. | ||
| 650 | 0 |
_aEconometrics. _929124 |
|
| 650 | 0 |
_aEconometric models. _918143 |
|
| 650 | 0 |
_aMicroeconomics _xEconometric models. _929126 |
|
| 650 | 0 |
_aMultivariate analysis. _9107 |
|
| 856 | 4 | 2 |
_3Publisher description _uhttp://www.loc.gov/catdir/enhancements/fy1109/2009935059-d.html |
| 856 | 4 | 1 |
_3Table of contents only _uhttp://www.loc.gov/catdir/enhancements/fy1109/2009935059-t.html |
| 906 |
_a7 _bcbc _ccopycat _d2 _encip _f20 _gy-gencatlg |
||
| 942 |
_2ddc _cBK |
||